5 państw najbliżej Korei Północnej według kontynentu - Statystyki

Ogólne statystyki
  • Ten quiz został rozwiązany 27 razy
  • Średni wynik to 27 z 30
Statystyki odpowiedzi
Kontynent km Państwo % Poprawnych
Azja 0 Chiny
100%
Azja 499 Japonia
100%
Azja 0 Korea Południowa
100%
Azja 769 Mongolia
100%
Europa 0 Rosja
100%
Afryka 7731 Somalia
96%
Azja 1461 Tajwan
96%
Europa 6660 Białoruś
92%
Afryka 8379 Dżibuti
92%
Afryka 8367 Erytrea
92%
Afryka 8277 Etiopia
92%
Ameryka Północna 6699 Kanada
92%
Ameryka Północna 9216 Meksyk
92%
Oceania 5855 Nauru
92%
Oceania 3457 Palau
92%
Ameryka Północna 3293 Stany Zjednoczone
92%
Europa 6420 Ukraina
92%
Ameryka Południowa 16 684 Chile
88%
Ameryka Południowa 13 702 Ekwador
88%
Europa 6218 Finlandia
88%
Ameryka Południowa 13 796 Kolumbia
88%
Oceania 4603 Mikronezja
88%
Oceania 4882 Papua-Nowa Gwinea
88%
Ameryka Południowa 14 740 Peru
88%
Oceania 4712 Wyspy Marshalla
88%
Ameryka Północna 12 264 Gwatemala
84%
Afryka 8392 Sudan
84%
Ameryka Północna 12 295 Belize
80%
Ameryka Południowa 15 403 Brazylia
80%
Europa 5940 Norwegia
80%
Nie znaleziono quizów pasujących do podanych kryteriów
Rozkład punktacji
Procent ludzi z każdym wynikiem
Percentyl według liczby udzielonych odpowiedzi
Twoja historia wyników
Nie rozwiązałeś tego quizu